| 000 | 00448nam a2200157Ia 4500 | ||
|---|---|---|---|
| 008 | 160316s2013 xxu||||| |||| 00| 0 eng d | ||
| 082 |
_a340.000000 _bRAG |
||
| 100 | _aRaghavendra P C | ||
| 245 | _aHandbook on judicial officers : Civil judge main examination | ||
| 250 | _a | ||
| 260 |
_aBangalore _bESKAYEM Law Publications _c2013 |
||
| 300 |
_a764p _b _cxvii |
||
| 365 | _b Rs. 785 | ||
| 650 | _a1. Judicial Officers Examination | ||
| 700 |
_a _a |
||
| 999 |
_c33619 _d33619 |
||